LEADER 01589cam2 22003011 450 001 SOBE00038398 005 20240516070105.0 010 $a978881305642 100 $a20131211d2010 |||||ita|0103 ba 101 $aita 102 $aIT 200 1 $a<<4: Le >>società in genere, le società di persone, le società di capitali, i gruppi di società, il fallimento e le altre procedure concorsuali, indici generali$fFrancesco Galgano 205 $a2.edizione accresciuta 210 $aPadova$cCEDAM$d2010 215 $aXVI, 162901 p.$d25 cm$e1 cd-rom 461 1$1001SOBE00038388$12001 $aTrattato di diritto civile / Francesco Galgano 700 1$aGalgano$b, Francesco$3AF00004046$4070$0267658 801 0$aIT$bUNISOB$c20240516$gRICA 850 $aUNISOB 852 $aUNISOB$jGiurisprudenza|A|S$m162901 852 $aUNISOB$jGiurisprudenza|A|S|CD$m162902 912 $aSOBE00038398 940 $aM 102 Monografia moderna SBN 941 $aM 957 $aGiurisprudenza|A|S$b000114$i-4$fconsultabile nell'aula studio della Facoltà di Giurisprudenza$gCON$d162901$hGiurisprudenzaAS$racquisto$1catenacci$2UNISOB$3UNISOB$420131211114000.0$520150120095241.0$6catenacci 957 $aGiurisprudenza|A|S|CD$b000001$fconsultabile nell'aula studio della Facoltà di Giurisprudenza$gCON$d162902$hGiurisprudenzaAS$racquisto$1catenacci$2UNISOB$3UNISOB$420131211115751.0$520150120095224.0$6catenacci 996 $aSocietà in genere, le società di persone, le società di capitali, i gruppi di società, il fallimento e le altre procedure concorsuali, indici generali$9768385 997 $aUNISOB LEADER 02964nam 2200697Ia 450 001 9910959945503321 005 20200520144314.0 010 $a9781682751442 010 $a1682751449 010 $a9781282488694 010 $a1282488694 010 $a9781936218059 010 $a1936218054 035 $a(CKB)2550000000006031 035 $a(EBL)478420 035 $a(OCoLC)536347238 035 $a(SSID)ssj0000358751 035 $a(PQKBManifestationID)12102574 035 $a(PQKBTitleCode)TC0000358751 035 $a(PQKBWorkID)10377168 035 $a(PQKB)10198954 035 $a(MiAaPQ)EBC478420 035 $a(Au-PeEL)EBL478420 035 $a(CaPaEBR)ebr10360020 035 $a(CaONFJC)MIL248869 035 $a(Perlego)3483755 035 $a(EXLCZ)992550000000006031 100 $a20090724d2009 uy 0 101 0 $aeng 135 $aur|n|---||||| 181 $ctxt 182 $cc 183 $acr 200 10$aDemocracy at the crossroads $eprinces, peasants, poets, and presidents in the struggle for (and against) the rule of law /$fCraig S. Barnes 205 $a1st ed. 210 $aGolden, CO $cFulcrum$d2009 215 $a1 online resource (272 p.) 225 0 $aSpeaker's corner 300 $aDescription based upon print version of record. 311 08$a9781555917265 311 08$a1555917267 320 $aIncludes bibliographical references and index. 327 $aPreface; Acknowledgments; Prologue: John Cooke Indicts His Majesty the King; A Pocket History of the Rule of Law; 1: The Long Life of Lying; 2: The Short Life of an Honest Man in Rome; 3: The Miserable Life of a Feudal King; 4: The Half-life of Feudalism and the Birth of Law; 5: Poets as Midwives; 6: The Cradle Century; 7: A Rebel Even a King Would Save; 8: Unparalleled Courage, Fraud, and Revolution; 9: The Birth of a Republic; Rebirth of the Feudal Mind in the United States; 10: To Suspend the Law, Again; 11: Special Courts, Again; 12: War Privileges, Again; 13: The Law of Nations Ignored 327 $a14: While Congress Slept15: Today's Tug-of-War; American Values Deeper than Capitalism, Deeper than Law; 16: Beyond the Eternal Order of Lying; 17: Beyond Pure Self-Interest; 18: Beyond the Sword; 19: Beyond the Easy Lie; 20: Beyond Bribery; An Age Ends; 21: Finding Direction in a Time of Chaos 330 $aAn eye-opening treatise on the international foundations of our liberty and its current challenges. 410 0$aSpeaker's Corner 606 $aDemocracy$xHistory 606 $aRule of law$xHistory 606 $aCivil rights$xHistory 615 0$aDemocracy$xHistory. 615 0$aRule of law$xHistory. 615 0$aCivil rights$xHistory. 676 $a321.8 700 $aBarnes$b Craig S$01812407 801 0$bMiAaPQ 801 1$bMiAaPQ 801 2$bMiAaPQ 906 $aBOOK 912 $a9910959945503321 996 $aDemocracy at the crossroads$94364817 997 $aUNINA